[Event "CAN-ch U14 Girls"]
[Site "Quebec"]
[Date "2018.07.03"]
[Round "4.55"]
[White "Wu, Ingrid"]
[Black "Tan, Kylie"]
[Result "1-0"]
[WhiteElo "1286"]
[BlackElo "1631"]
[PlyCount "139"]
[EventDate "2018.07.02"]
[EventType "swiss"]
[EventRounds "7"]
[EventCountry "CAN"]
[SourceTitle "EXT 2022"]
[Source "ChessBase"]
[SourceDate "2021.10.06"]
[SourceVersion "1"]
[SourceVersionDate "2021.10.06"]
[SourceQuality "1"]

1. e4 c5 2. Nf3 e6 3. d4 cxd4 4. Nxd4 Nc6 5. Nc3 Qc7 6. Be3 Nf6 7. f3 a6 8. Qd2 Bb4 9. a3 Be7 10. Be2 0-0 11. 0-0 d6 12. Rab1 Rd8 13. b4 d5 14. exd5 Nxd5 15. Nxc6 Qxc6 16. Nxd5 Rxd5 17. Qc1 Rd8 18. c4 Bd7 19. Qc2 Rac8 20. Rfc1 Qc7 21. c5 Qe5 22. Qc3 Qxc3 23. Rxc3 Bf6 24. Rcc1 h6 25. Kf2 Bc6 26. Rd1 Kf8 27. g3 Ke8 28. Bf4 Rxd1 29. Bxd1 Bd4+ 30. Kf1 e5 31. Bd2 Rd8 32. Be2 Bxc5 33. Bxh6 gxh6 34. bxc5 Rd2 35. Rc1 Ke7 36. Ke1 Rb2 37. Rc3 Ba4 38. h4 Rc2 39. Rxc2 Bxc2 40. Kd2 Ba4 41. Kc3 Kd7 42. Bc4 f6 43. Bd5 Kc7 44. g4 Bc6 45. Be4 Bxe4 46. fxe4 b6 47. cxb6+ Kxb6 48. Kb4 a5+ 49. Kc4 Kc6 50. a4 Kb6 51. Kd5 Ka6 52. Ke6 Kb6 53. Kxf6 Kc5 54. Kxe5 Kb4 55. Kd4 Kxa4 56. e5 Kb3 57. e6 a4 58. e7 a3 59. e8Q a2 60. Qe6+ Kb2 61. Qxa2+ Kxa2 62. g5 hxg5 63. hxg5 Kb3 64. g6 Kc2 65. g7 Kb3 66. g8Q+ Kb2 67. Qc4 Ka3 68. Qb5 Ka2 69. Kc3 Ka1 70. Qb2# 1-0

[Event "CAN-ch (Women)"]
[Site "Ottawa"]
[Date "2016.09.25"]
[Round "7"]
[White "Tan, Kylie"]
[Black "Matras Clement, Agnieszka"]
[Result "0-1"]
[WhiteElo "1415"]
[BlackElo "2234"]
[PlyCount "46"]
[EventDate "2016.09.22"]
[EventType "tourn"]
[EventRounds "7"]
[EventCountry "CAN"]
[SourceTitle "CBM 174 Extra"]
[Source "ChessBase"]
[SourceDate "2016.10.10"]
[SourceVersion "1"]
[SourceVersionDate "2016.10.10"]
[SourceQuality "1"]

1. e4 e5 2. Nf3 Nc6 3. Bc4 Bc5 4. c3 Nf6 5. d3 d6 6. 0-0 0-0 7. Bb3 a6 8. Nbd2 Ba7 9. Re1 Ng4 10. Re2 Kh8 11. h3 Nh6 12. Nf1 f5 13. Re1 Qf6 14. N1h2 Qg6 15. Nh4 Qg3 16. N4f3 Bxf2+ 17. Kh1 Bxe1 18. Nxe1 fxe4 19. dxe4 Bxh3 20. gxh3 Rf2 21. Bf4 exf4 22. Nhf3 Rf1+ 23. Ng1 Rxg1# 0-1

[Event "CAN-ch (Women)"]
[Site "Ottawa"]
[Date "2016.09.23"]
[Round "3"]
[White "Tan, Kylie"]
[Black "Pretell Diaz, Carol"]
[Result "1/2-1/2"]
[WhiteElo "1415"]
[BlackElo "1824"]
[PlyCount "136"]
[EventDate "2016.09.22"]
[EventType "tourn"]
[EventRounds "7"]
[EventCountry "CAN"]
[SourceTitle "CBM 174 Extra"]
[Source "ChessBase"]
[SourceDate "2016.10.10"]
[SourceVersion "1"]
[SourceVersionDate "2016.10.10"]
[SourceQuality "1"]

1. e4 e5 2. Nf3 Nc6 3. Bc4 d6 4. c3 Bg4 5. d3 Nf6 6. h3 Bh5 7. 0-0 Qd7 8. Bb3 Be7 9. Nbd2 0-0 10. Re1 Na5 11. Bc2 b5 12. Nf1 h6 13. Ng3 Bg6 14. Nh4 Bh7 15. Nhf5 Rad8 16. Qf3 c5 17. Rd1 Qc7 18. Bd2 Nc6 19. Be3 d5 20. exd5 Nxd5 21. Qg4 Bg5 22. Bxg5 Bxf5 23. Nxf5 hxg5 24. Qxg5 g6 25. Bb3 Nf4 26. Nh6+ Kg7 27. Ng4 Qe7 28. Qh6+ Kg8 29. g3 Ne6 30. Bxe6 Qxe6 31. Qh4 Rd6 32. Qg5 f5 33. Nh2 Kg7 34. h4 Qf6 35. Qe3 Rd5 36. Nf3 Rfd8 37. Ng5 e4 38. Rd2 Rxd3 39. Rxd3 Rxd3 40. Qxc5 a6 41. Qb6 Ne5 42. Qb7+ Rd7 43. Qc8 Qc6 44. Qxc6 Nxc6 45. Ne6+ Kf6 46. Nc5 Rd2 47. Rb1 Ne5 48. Nb3 Rc2 49. Nc5 Nd3 50. Nxa6 Rxf2 51. Nc7 Rd2 52. Nd5+ Kg7 53. Nf4 Nxb2 54. a3 e3 55. Re1 Nc4 56. Re2 Kh6 57. Kg2 g5 58. hxg5+ Kxg5 59. Kf3 Ne5+ 60. Kxe3 Rxe2+ 61. Nxe2 Nc4+ 62. Kf3 Nxa3 63. Nd4 Kf6 64. Kf4 Kg6 65. Ke5 Kg5 66. Nxf5 Nb1 67. Nd4 Nxc3 68. Nxb5 Nxb5 1/2-1/2

[Event "Windsor NAYCC U12 Girls"]
[Site "Windsor"]
[Date "2016.08.09"]
[Round "4.120"]
[White "Tan, Kylie"]
[Black "Periappuram, Moira"]
[Result "1-0"]
[WhiteElo "1383"]
[BlackElo "773"]
[PlyCount "77"]
[EventDate "2016.08.07"]
[EventType "swiss"]
[EventRounds "9"]
[EventCountry "CAN"]
[SourceTitle "EXT 2022"]
[Source "ChessBase"]
[SourceDate "2021.10.06"]
[SourceVersion "1"]
[SourceVersionDate "2021.10.06"]
[SourceQuality "1"]

1. e4 e5 2. Nf3 Nc6 3. Bc4 Be7 4. c3 d6 5. d3 Nf6 6. 0-0 0-0 7. Bb3 a6 8. Nbd2 b5 9. Re1 Na5 10. Bc2 Bg4 11. h3 Bd7 12. Nf1 Nh5 13. Nxe5 dxe5 14. Qxh5 Bf6 15. Ng3 Nc6 16. Qf3 b4 17. Bd2 a5 18. Ba4 Qe7 19. Nf5 Qc5 20. Be3 Nd4 21. cxd4 exd4 22. Bxd7 dxe3 23. Qxe3 Qe5 24. d4 Qxf5 25. Bxf5 g6 26. Qg3 c6 27. e5 Bg7 28. Bg4 f5 29. exf6 Bxf6 30. Qd6 Rf7 31. Be6 Raf8 32. Bxf7+ Rxf7 33. Re8+ Kg7 34. Rae1 Kh6 35. g4 Bh4 36. R1e2 Rf3 37. Kg2 Rd3 38. Qf8+ Kg5 39. f4# 1-0

[Event "Windsor NAYCC U12 Girls"]
[Site "Windsor"]
[Date "2016.08.07"]
[Round "1.116"]
[White "Cao, Claire"]
[Black "Tan, Kylie"]
[Result "1-0"]
[WhiteElo "1569"]
[BlackElo "1383"]
[PlyCount "169"]
[EventDate "2016.08.07"]
[EventType "swiss"]
[EventRounds "9"]
[EventCountry "CAN"]
[SourceTitle "EXT 2022"]
[Source "ChessBase"]
[SourceDate "2021.10.06"]
[SourceVersion "1"]
[SourceVersionDate "2021.10.06"]
[SourceQuality "1"]

1. e4 d5 2. exd5 Qxd5 3. Nc3 Qa5 4. Nf3 Bg4 5. d4 Nc6 6. Be2 h6 7. 0-0 0-0-0 8. Be3 Nf6 9. h3 Bh5 10. a3 Nd5 11. Nxd5 Qxd5 12. c4 Qf5 13. g4 Bxg4 14. hxg4 Qxg4+ 15. Kh1 Qh3+ 16. Nh2 f5 17. Rg1 Qh4 18. Qc2 e6 19. d5 Bd6 20. Rg2 Ne5 21. f4 Ng4 22. Bxg4 fxg4 23. Rxg4 Qh3 24. Qf2 g5 25. c5 gxf4 26. Bxf4 Be7 27. Rg3 Qf5 28. Rf3 Qxd5 29. Be3 Rdf8 30. Rf1 Rf5 31. Ng4 Rhf8 32. Nh2 Bh4 33. Qg2 Rxf3 34. Nxf3 Qh5 35. Kg1 Be7 36. b4 Qf7 37. Ne5 Qe8 38. Rxf8 Bxf8 39. c6 b6 40. Qg8 Qd8 41. Qxe6+ Kb8 42. Qd7 Qc8 43. Kf2 Bd6 44. Qxc8+ Kxc8 45. Nf7 Bf8 46. Bxh6 Be7 47. Bc1 Kb8 48. Ke2 Bf6 49. Ng5 Be7 50. Kd3 Bd6 51. Nf7 Be7 52. Kc4 a6 53. Bf4 Kc8 54. Kb3 Bf6 55. Kc4 Be7 56. Ng5 Bf6 57. Ne6 Bd8 58. Kb3 b5 59. Kc2 Bf6 60. Nxc7 Bd8 61. Nxa6 Bb6 62. Kd3 Kd8 63. Be3 Bc7 64. Bg5+ Kc8 65. Nxc7 Kxc7 66. Ke4 Kxc6 67. Be3 Kc7 68. Kd5 Kb7 69. Kd6 Ka6 70. Kc5 Ka7 71. Kxb5+ Kb7 72. Ka5 Kc7 73. Ka6 Kb8 74. b5 Ka8 75. b6 Kb8 76. Bf4+ Kc8 77. b7+ Kd7 78. b8Q Ke6 79. Qe5+ Kf7 80. Bg5 Kg6 81. Bf4 Kf7 82. Qd6 Ke8 83. Qe6+ Kd8 84. Qf7 Kc8 85. Qc7# 1-0

[Event "CAN-ch U12 Girls"]
[Site "Windsor"]
[Date "2016.07.08"]
[Round "6.74"]
[White "Tan, Kylie"]
[Black "Boucher, Myriam"]
[Result "1-0"]
[WhiteElo "1620"]
[BlackElo "1167"]
[PlyCount "69"]
[EventDate "2016.07.05"]
[EventType "swiss"]
[EventRounds "7"]
[EventCountry "CAN"]
[SourceTitle "EXT 2022"]
[Source "ChessBase"]
[SourceDate "2021.10.06"]
[SourceVersion "1"]
[SourceVersionDate "2021.10.06"]
[SourceQuality "1"]

1. e4 e5 2. Nf3 Nc6 3. Bc4 Nf6 4. d3 d5 5. exd5 Nxd5 6. 0-0 Bg4 7. Nbd2 Bc5 8. Ne4 Bb6 9. h3 Bxf3 10. Qxf3 0-0 11. c3 Qd7 12. Bxd5 Qxd5 13. Nf6+ gxf6 14. Qxd5 Rad8 15. Qf3 Rd6 16. Bh6 f5 17. Bxf8 Kxf8 18. Qxf5 h6 19. Rfe1 f6 20. Re4 Ke7 21. Rg4 Re6 22. Re1 Kd6 23. d4 Ne7 24. dxe5+ fxe5 25. Qd3+ Nd5 26. c4 c6 27. cxd5 cxd5 28. Rg6 h5 29. Qa3+ Bc5 30. Rxe6+ Kxe6 31. Qxc5 b6 32. Qc6+ Kf5 33. Qxd5 Kg5 34. Rxe5+ Kf4 35. g3# 1-0

[Event "North American-ch U20 Girls"]
[Site "Kitchener"]
[Date "2015.07.30"]
[Round "8"]
[White "Dong, Alice"]
[Black "Tan, Kylie"]
[Result "1-0"]
[WhiteElo "1841"]
[BlackElo "1307"]
[PlyCount "113"]
[EventDate "2015.07.26"]
[EventType "swiss"]
[EventRounds "9"]
[EventCountry "CAN"]
[SourceTitle "EXT 2019"]
[Source "ChessBase"]
[SourceDate "2018.10.10"]
[SourceVersion "1"]
[SourceVersionDate "2018.10.10"]
[SourceQuality "1"]

1. e4 c5 2. Nf3 e6 3. d4 cxd4 4. Nxd4 Nc6 5. Nc3 a6 6. g3 g6 7. Bg2 Bg7 8. Be3 Nge7 9. 0-0 0-0 10. Nxc6 Nxc6 11. Na4 d6 12. Nb6 Rb8 13. c3 Ne7 14. Qd2 Qc7 15. a4 Rd8 16. Rfd1 e5 17. Nxc8 Rbxc8 18. a5 Qc6 19. Bh3 f5 20. Bg5 Qd7 21. exf5 Rc7 22. f6 Qxh3 23. fxe7 Re8 24. Qd5+ Kh8 25. Qxd6 Rc6 26. Qd8 Qc8 27. Qxc8 Rcxc8 28. Rd7 Kg8 29. Rad1 Kf7 30. Rd8 Bf6 31. Bxf6 Kxf6 32. Rxc8 Rxe7 33. Rcd8 Ke6 34. R1d6+ Kf5 35. R8d7 Re8 36. Rf7+ Kg5 37. Rxb7 Ra8 38. Rxh7 Kf5 39. Rf7+ Kg5 40. Re6 Rb8 41. Rxe5+ Kh6 42. b4 Rc8 43. Rc5 Rd8 44. h4 Rd1+ 45. Kg2 g5 46. hxg5+ Kg6 47. Rf6+ Kg7 48. Rxa6 Rd7 49. Rac6 Rd1 50. a6 Ra1 51. Ra5 Rd1 52. a7 Kf7 53. a8Q Ke7 54. Ra7+ Rd7 55. Rxd7+ Kxd7 56. Qb7+ Kd8 57. Rc8# 1-0

[Event "North American-ch U20 Girls"]
[Site "Kitchener"]
[Date "2015.07.28"]
[Round "5"]
[White "Tan, Kylie"]
[Black "Nguyen, Duy Thien An"]
[Result "0-1"]
[WhiteElo "1307"]
[BlackElo "1555"]
[PlyCount "146"]
[EventDate "2015.07.26"]
[EventType "swiss"]
[EventRounds "9"]
[EventCountry "CAN"]
[SourceTitle "EXT 2019"]
[Source "ChessBase"]
[SourceDate "2018.10.10"]
[SourceVersion "1"]
[SourceVersionDate "2018.10.10"]
[SourceQuality "1"]

1. e4 c6 2. d4 d5 3. e5 Bf5 4. Nf3 e6 5. Be2 Nd7 6. Nbd2 c5 7. c3 Qb6 8. 0-0 Ne7 9. Nb3 Nc6 10. Re1 cxd4 11. cxd4 Nb4 12. Rf1 Nc2 13. Rb1 Nxd4 14. Be3 Nxf3+ 15. Bxf3 Qd8 16. Rc1 Nxe5 17. Be2 Nd7 18. Bf4 Rc8 19. Qd4 a6 20. Rxc8 Qxc8 21. Rc1 Qd8 22. Qe3 Be7 23. Bc7 Qa8 24. Nd4 Bg6 25. Qh3 e5 26. Bg4 0-0 27. Nf5 Bg5 28. Rd1 Nf6 29. Bxe5 Qd8 30. Bf3 Re8 31. Bc3 Qd7 32. Bg4 Nxg4 33. Qxg4 Qxf5 34. Qxf5 Bxf5 35. Rxd5 Bf6 36. g4 Bxg4 37. Bxf6 gxf6 38. Rd3 Kf8 39. Rg3 Be6 40. a3 Rc8 41. Re3 Bd5 42. h3 Rc1+ 43. Kh2 Rc2 44. Kg3 Rxb2 45. h4 Rb3 46. Rxb3 Bxb3 47. Kf4 Ke7 48. Ke4 Ke6 49. Ke3 Kf5 50. Kf3 Bd5+ 51. Kg3 h5 52. Kh3 b5 53. Kg3 a5 54. f4 b4 55. axb4 axb4 56. Kf2 b3 57. Ke3 b2 58. Kd4 Be4 59. Kc5 b1R 60. Kd4 Kxf4 61. Kc3 Rd1 62. Kc4 Ke5 63. Kc3 f5 64. Kc4 f4 65. Kc3 f3 66. Kb3 f2 67. Kb4 f1Q 68. Kc3 Qd3+ 69. Kb4 Rb1+ 70. Kc5 Rc1+ 71. Kb4 Qb1+ 72. Ka3 Rc8 73. Ka4 Ra8# 0-1

[Event "CAN-ch U12 Girls"]
[Site "Windsor"]
[Date "2015.07.09"]
[Round "7.81"]
[White "Tan, Kylie"]
[Black "Zhang, Jeannie"]
[Result "0-1"]
[WhiteElo "1541"]
[BlackElo "1547"]
[PlyCount "90"]
[EventDate "2015.07.06"]
[EventType "swiss"]
[EventRounds "7"]
[EventCountry "CAN"]
[SourceTitle "EXT 2022"]
[Source "ChessBase"]
[SourceDate "2021.10.06"]
[SourceVersion "1"]
[SourceVersionDate "2021.10.06"]
[SourceQuality "1"]

1. e4 c5 2. Nc3 Nc6 3. f4 g6 4. Nf3 Bg7 5. Bb5 a6 6. Bxc6 bxc6 7. 0-0 Nf6 8. d3 d5 9. Qe1 a5 10. Ne5 Qb6 11. Kh1 d4 12. Ne2 Nd7 13. Nc4 Qc7 14. Bd2 a4 15. Ng3 Ba6 16. b3 Bxc4 17. bxc4 0-0 18. Rb1 Rfb8 19. Qe2 Ra7 20. Rxb8+ Qxb8 21. Ra1 Qb2 22. Qd1 Rb7 23. Qc1 Nf6 24. f5 Ng4 25. fxg6 hxg6 26. Ne2 Ne3 27. c3 Qxc1+ 28. Rxc1 Rb2 29. Bxe3 dxe3 30. Ng3 Rxa2 31. h3 e2 32. Re1 Bxc3 33. Rxe2 Rxe2 34. Nxe2 Bd2 35. d4 a3 36. d5 cxd5 37. exd5 a2 38. Kh2 a1Q 39. Ng1 Qf1 40. d6 Bf4+ 41. g3 Qf2+ 42. Kh1 Bxg3 43. Nf3 Qxf3+ 44. Kg1 Qf2+ 45. Kh1 Qh2# 0-1